000 00323nam a22001337a 4500
008 181105b xxu||||| |||| 00| 0 eng d
020 _a9781428205154
041 _aeng
080 _27th
_a371
100 _a46
101 _aEDU
245 _aYour College Experience Strategies for Success
_cGardner,J,N
942 _2udc
_cBK
999 _c51803
_d51803